000
00290nam a2200109Ia 4500
008
230627s9999 xx 000 0 und d
041
_a
mar
082
_a
346.067
_b
BAN
100
_a
Bansal B.L
245
_a
State Financial Corporation Act, 1951
260
_a
New Delhi
_b
Ashoka Law House
_c
2001
999
_c
686776
_d
686776